Detalles MARC
| 000 -LÍDER |
| Campo fijo de descripción fija |
02544cam a2200361 i 4500 |
| 001 - NÚMERO DE CONTROL |
| Campo de control |
768714001 |
| 003 - IDENTIFICADOR DEL NÚMERO DE CONTROL |
| Campo de control |
CO-MdFUSB |
| 005 - FECHA Y HORA DE LA ULTIMA TRANSACCIÓN |
| control field |
20230311121555.0 |
| 007 - CAMPO FIJO DE DESCRIPCIÓN FIJA--INFORMACIÓN GENERAL |
| Campo fijo de descripción fija |
ta |
| 008 - ELEMENTOS DE LONGITUD FIJA -- INFORMACIÓN GENERAL |
| Campo fijo de descripción fija -- Información general |
000207t2000 miu b 001 0 eng |
| 020 ## - NÚMERO INTERNACIONAL NORMALIZADO PARA LIBROS |
| Número Internacional Normalizado del libro |
0802844839 |
| 040 ## - FUENTE DE CATALOGACIÓN |
| Agencia de catalogación original |
DLC |
| Agencia que realiza la transcripción |
CO-MdFUSB |
| Idioma de catalogación |
spa |
| Agencia que realiza la modificación |
CO-MdFUSBC |
| Convenciones de la descripción |
rda |
| 041 ## - CÓDIGO DE IDIOMA |
| Código de idioma para texto/pista de sonido o título separado |
eng |
| 082 00 - NÚMERO DE CLASIFICACIÓN DECIMAL DEWEY |
| Número de clasificación |
296.09014 |
| Número de la edición del Dewey |
23 |
| 082 00 - NÚMERO DE CLASIFICACIÓN DECIMAL DEWEY |
| Número de clasificación |
296.09014 |
| Número de la edición del Dewey |
23 |
| Clave de autor-Numero de item |
EL46 |
| 100 1# - ASIENTO PRINCIPAL--NOMBRE PERSONAL |
| Nombre personal |
Elliott, Mark Adam, |
| Fechas asociadas con el nombre |
1956- |
| Término relacionador |
autor |
| 245 14 - TÍTULO |
| Título del Material |
The survivors of Israel : |
| Parte restante del título - Subtitulo |
a reconsideration of the theology of pre-Christian Judaism |
| Mención de responsabilidad, etc. |
/ Mark Adam Elliott |
| 264 #1 - PRODUCCIÓN, PUBLICACIÓN, DISTRIBUCIÓN, MANUFACTURA, Y COPYRIGHT |
| Lugar de producción, publicación, distribución, manufactura |
Grand Rapids, Mich. : |
| Nombre del productor, publicador, distribuidor |
Eerdmans, |
| Fecha de producción, publicación, distribución, manufactura, o copyright |
[2000] |
| 264 #4 - PRODUCCIÓN, PUBLICACIÓN, DISTRIBUCIÓN, MANUFACTURA, Y COPYRIGHT |
| Fecha de producción, publicación, distribución, manufactura, o copyright |
© 2000 |
| 300 ## - DESCRIPCIÓN FÍSICA |
| Extensión |
760 páginas ; |
| Dimensiones |
24 cm. |
| 336 ## - TIPO DE CONTENIDO |
| Término de tipo de contenido |
texto |
| Código de tipo de contenido |
txt |
| Fuente |
rdacontent. |
| 337 ## - TIPO DE MEDIO |
| Nombre del tipo de medio |
sin mediación |
| Código del tipo de medio |
n |
| Fuente |
rdamedia. |
| 338 ## - TIPO DE SOPORTE |
| Nombre del tipo de soporte |
volumen |
| Código Tipo de soporte |
nc |
| Fuente |
rdacarrier. |
| 504 ## - NOTA DE BIBLIOGRAFÍA, ETC. |
| Nota de bibliografía, etc |
Incluye referencias bibliográficas (pp. 665-705) e índices. |
| 505 ## - NOTA DE CONTENIDO |
| Nota de contenido con formato preestablecido |
¿Por qué otro libro sobre el judaísmo? -- Puntos de vista nacionalistas convencionales de elección en el judaísmo. -- El tema del juicio de Israel. -- Límites de la comunidad de salvación. -- Reforma y disidencia: el contexto sociohistórico. -- Teología del pacto dualista. -- Dualismo soteriológico. -- Una nueva aproximación a las formas apocalípticas. -- La trayectoria dualista de la neumatología. -- El Mesías para los elegidos. -- Escatología en un contexto dualista. -- "Soteriología de destrucción-preservación"<br/>Conclusión: implicaciones de la teología del movimiento de disidencia para el estudio del Nuevo Testamento |
| 520 ## - NOTA DE RESUMEN, ETC. |
| Nota de sumario, etc. |
Este estudio desafía la visión convencional de académicos como EP Sanders de que el judaísmo tardío del Segundo Templo era teológicamente nacionalista, ofreciendo en su lugar una teoría que argumenta que los escritos intertestamentarios no anticipan la salvación de todos los judíos sino solo de un remanente fiel dentro de Israel . Trabajando con los principales libros de la pseudopirafa y los Rollos del Mar Muerto, Mark Adam Elliott muestra que los autores de tales obras anticiparon un juicio inminente y mordaz de Israel que excluiría a muchos, o incluso a la mayoría, de los israelitas de la comunidad salva. . Este hallazgo no solo confronta las perspectivas aceptadas sobre el judaísmo tardío del Segundo Templo, sino que también sugiere implicaciones para nuestra lectura de Pablo y el Nuevo Testamento. |
| 563 ## - NOTA DE ENCUADERNACIÓN |
| Nota de encuadernación |
Rústico |
| 650 #7 - ASIENTO SECUNDARIO DE MATERIA - TERMINO TEMÁTICO |
| Término temático o nombre geográfico como elemento de entrada |
Judaísmo |
| 9 (RLIN) |
6881 |
| 650 #7 - ASIENTO SECUNDARIO DE MATERIA - TERMINO TEMÁTICO |
| Término temático o nombre geográfico como elemento de entrada |
Evangelios apócrifos |
| 9 (RLIN) |
279 |
| 942 ## - TIPO DE MATERIAL (KOHA) |
| Tipo de Item KOHA |
Libros General |
| 945 ## - INFORMACIÓN LOCAL DEL REGISTRO |
| Catalogador |
JTF-925 |